| 000 | 00523nam a2200169 4500 | ||
|---|---|---|---|
| 001 | 16014 | ||
| 005 | 20230411085950.0 | ||
| 008 | 060907n2001 dr spa | ||
| 020 | _a9586822354 | ||
| 035 | _9funglode16147 | ||
| 041 | _aES | ||
| 245 | 0 |
_aCrimen y violencia en América Latina / _cEditado por Pablo Fajnzylber, Daniel Lederman, Norman Loayza |
|
| 260 |
_aMéxico : _bAlfaomega, _c2001 |
||
| 300 | _avii, 252 p. | ||
| 700 | _aFajnzylber, Pablo \ Lederman, Daniel \ Loayza, Norman | ||
| 942 |
_2lcc _cbk |
||
| 999 |
_c110119 _d110119 |
||